000
00330nam a2200145Ia 4500
008
210210b1913 xxu||||| |||| 00| 0 eng d
041
_a
eng
082
_a
825/1115
100
_a
KEATS
245
_a
Colvin
260
_a
London
_b
Macmillan & Co. Ltd.
_c
1913
650
_a
Colvin
690
_a
English Criticism
906
_a
015430
999
_c
134861
_d
134861